<?xml version="1.0" encoding="UTF-8"?>
<collection xmlns:xsi="http://www.w3.org/2001/XMLSchema-instance" xsi:schemaLocation="http://www.loc.gov/MARC21/slim http://www.loc.gov/standards/marcxml/schema/MARC21slim.xsd" xmlns="http://www.loc.gov/MARC21/slim">
 <record>
  <leader>00000cam a2200000 i 4500</leader>
  <controlfield tag="001">UP-99796217613218409</controlfield>
  <controlfield tag="003">Buklod</controlfield>
  <controlfield tag="005">20230619101907.0</controlfield>
  <controlfield tag="006">m     q  i        </controlfield>
  <controlfield tag="007">ta</controlfield>
  <controlfield tag="008">230619s2019    xx     d     |||| ||    |</controlfield>
  <datafield tag="035" ind1=" " ind2=" ">
   <subfield code="a">(iLib)UPD-00443966551</subfield>
  </datafield>
  <datafield tag="040" ind1=" " ind2=" ">
   <subfield code="a">DAC</subfield>
   <subfield code="e">rda</subfield>
  </datafield>
  <datafield tag="041" ind1=" " ind2=" ">
   <subfield code="a">eng</subfield>
  </datafield>
  <datafield tag="042" ind1=" " ind2=" ">
   <subfield code="a">DMLUC</subfield>
  </datafield>
  <datafield tag="090" ind1=" " ind2=" ">
   <subfield code="a">LG 996 2019 P46</subfield>
   <subfield code="b">B76</subfield>
  </datafield>
  <datafield tag="100" ind1="1" ind2=" ">
   <subfield code="a">Boquiren, Laya</subfield>
   <subfield code="e">author.</subfield>
  </datafield>
  <datafield tag="245" ind1="1" ind2="4">
   <subfield code="a">The Mandukit of Sta. Ursula, Betis, Pampanga</subfield>
   <subfield code="b">carving sacred images, negotiating heritage</subfield>
   <subfield code="c">Laya Boquiren ; Cecilia De La Paz, adviser.</subfield>
  </datafield>
  <datafield tag="264" ind1=" " ind2="0">
   <subfield code="a">Quezon City</subfield>
   <subfield code="b">Asian Center, University of the Philippines Diliman</subfield>
   <subfield code="c">[2019]</subfield>
  </datafield>
  <datafield tag="300" ind1=" " ind2=" ">
   <subfield code="a">x, 521 leaves</subfield>
   <subfield code="b">color illustrations</subfield>
   <subfield code="c">28 cm</subfield>
  </datafield>
  <datafield tag="336" ind1=" " ind2=" ">
   <subfield code="a">text</subfield>
   <subfield code="2">rdacontent</subfield>
  </datafield>
  <datafield tag="337" ind1=" " ind2=" ">
   <subfield code="a">unmediated</subfield>
   <subfield code="2">rdamedia</subfield>
  </datafield>
  <datafield tag="338" ind1=" " ind2=" ">
   <subfield code="a">volume</subfield>
   <subfield code="2">rdacarrier</subfield>
  </datafield>
  <datafield tag="502" ind1=" " ind2=" ">
   <subfield code="a">Thesis (Doctor of Philosophy in Philippine Studies)--University of the Philippines Diliman</subfield>
   <subfield code="d">May 2019.</subfield>
  </datafield>
  <datafield tag="506" ind1=" " ind2=" ">
   <subfield code="a">P - the author wishes to publish the work personally</subfield>
  </datafield>
  <datafield tag="520" ind1="3" ind2=" ">
   <subfield code="a">This dissertation is about the negotiation of artistic heritage featuring the mandukit of Sta. Ursula, Betis, Guagua, Pampanga. This research centers on producers of sacred images and related objects for ecclesiastical and domestic devotion as well as professionals. Salient to this study is the correlation of the practice of carving sacred images and the performative act of defense of place. I examined the intersections of authorized heritage discourses, heritage productions, and the social dimension of everyday labor. The selected heritage actors specialize in carving sacred images and related objects. They work as freelancers or operate their own workshops with a consistent labor force sustained all year round. Of interest is the significance of pamandukit in the place that sustains and vivifies the members of the community of Sta. Ursula. Their emplacement in Sta. Ursula arises out of the maintenance of social networks, from which knowledge is also transmitted. Moreover, the affinity for Sta. Ursula is sustained even after residing in another province. The talyer or workshop is considered not only as physical site for workers but constituted by networks of consanguineal linkages, sustained by the proximity of neighbors and affective affinity for place. Occupational identities are scrutinized alongside transformations in the physical and social landscape. Added to these is the mediating power of institutions under the auspices of the state through the local municipality, the academe, the church, and the heritage actors who  represent these. The dissertation traces the process of heritagization: how the veneer of heritage accrues over time and through the heritage productions of various actors from the state, the private sector, the academe, the church, and members of the community. In tracing a heritage from below, it was necessary to explore how institutions run by state and the private sector generate heritage discourses and disseminate them. The dissertation unravels how the artistic heritage of pamandukit is negotiated through the everyday practice of carving sacred images and the performative tactics initiated by the mandukit who identify with and maintain social linkages in the place. Therefore the production of sacred images sustains the mandukit and his kin networks, providing the impetus to remain in the place that encompasses work and the social space. This community of mandukit and their families who have been disenfranchised and underserved are sustained by pamandukit despite chronic uncertainties. The practice of carving sacred images and the objects produced in the workshop provide distinction to the place and specialists among mandukit from Sta. Ursula. This distinction enables them to establish their own workshop and sustain other members of the community. The dissertation also studied heritage-negotiating collectives as the Mandukit Anluagi Sta. Ursula and the Betis Woodcarving and Multipurpose Cooperative and how, galvanized by the rhetoric &quot;wala nang batang nag-uukit ngayon,&quot; they tactically form temporary alliances and assemble to proactively transmit pamandukit to members of the community. The research also examined the Dukit Festival, a community-based heritage production that features a woodcarving demonstration and exhibition. It traduces the everyday gestures, sounds, and spatial arrangements in a talyer. Aside from the performative display of embodied artistic knowledge, the Dukit Festival is also a site of aspirations and  conscriptions in various agenda. No longer strictly celebrated on feast days, the Dukit Festival has had numerous iterations in various occasions.&quot;--Provided by the author.</subfield>
  </datafield>
  <datafield tag="650" ind1=" " ind2="0">
   <subfield code="a">Cultural property</subfield>
   <subfield code="x">Protection</subfield>
   <subfield code="z">Pampanga (Philippines)</subfield>
  </datafield>
  <datafield tag="650" ind1=" " ind2="0">
   <subfield code="a">Cultural property</subfield>
   <subfield code="x">Social aspects.</subfield>
  </datafield>
  <datafield tag="651" ind1=" " ind2="0">
   <subfield code="a">Pampanga(Philippines)</subfield>
   <subfield code="x">Cultural policy.</subfield>
  </datafield>
  <datafield tag="651" ind1=" " ind2="0">
   <subfield code="a">Pampanga (Philippines)</subfield>
   <subfield code="x">Economic conditions.</subfield>
  </datafield>
  <datafield tag="651" ind1=" " ind2="0">
   <subfield code="a">Pampanga (Philippines)</subfield>
   <subfield code="x">Social life and customs.</subfield>
  </datafield>
  <datafield tag="651" ind1=" " ind2="0">
   <subfield code="a">Pampanga (Philippines)</subfield>
   <subfield code="x">Social conditions.</subfield>
  </datafield>
  <datafield tag="700" ind1="1" ind2=" ">
   <subfield code="a">Boquiren, Laya</subfield>
   <subfield code="e">author.</subfield>
  </datafield>
  <datafield tag="700" ind1="1" ind2=" ">
   <subfield code="a">De La Paz, Cecilia</subfield>
   <subfield code="e">adviser.</subfield>
  </datafield>
  <datafield tag="842" ind1=" " ind2=" ">
   <subfield code="a">Book</subfield>
  </datafield>
  <datafield tag="905" ind1=" " ind2=" ">
   <subfield code="a">FI</subfield>
  </datafield>
  <datafield tag="905" ind1=" " ind2=" ">
   <subfield code="a">UP</subfield>
  </datafield>
  <datafield tag="852" ind1="0" ind2=" ">
   <subfield code="a">UPD</subfield>
   <subfield code="b">DAC</subfield>
   <subfield code="h">LG 996 2019 P46</subfield>
   <subfield code="i">B76</subfield>
  </datafield>
  <datafield tag="942" ind1=" " ind2=" ">
   <subfield code="a">Book</subfield>
  </datafield>
 </record>
</collection>
